000 01056nam a22002897a 4500
003 DO-SdBNP
005 20231212124549.0
008 210426b2018 dr 00| 0 spa d
020 _a9789945176063
040 _aBPMSU
_bspa
_cBPMSU
082 4 _aRD863.5
_bV476e 2018
_222
092 _a
100 1 _aVeras, Cledenin
_d
245 1 0 _a¡Este ruido no nos deja dormir! /
_c Cledenin Veras ; ilustración: Yatxel Sánchez ; investigación: Laura V. Sánchez-Vincitore ; coordinación pedagógica: Cledenin Veras
260 _aSanto Domingo:
_bEdiciones SM ;
_bUniversidad Iberoamericana (UNIBE),
_c2018
300 _a39 p. :
_bilus. ;
_c21 cm
490 0 _3La Liga de la Esperanza,
_v2
500 _3
590 _aInventariado, 2023/VM
650 4 _aCuentos juveniles dominicanos
650 4 _aLiteratura juvenil dominicana
700 1 _3Sánchez, Yatxel
_eilustrador
700 1 _3Sánchez-Vincitore, Laura V.
_einvestigador
700 1 _aVeras, Cledenin
_ecoordinador pedagógico
910 _aVMateo V. Control de calidad. BPMSU
942 _2ddc
_cBK
999 _c14513
_d14513